000
00276nam a22001217a 4500
082
_a
823
_b
IMM/T
100
_a
IMMATTY, GEORGE
245
_a
STORIES OF TENALI RAMAN
260
_a
THRISSUR
520
_a
ENGLISH SHORT STORY
650
_a
ENGLISH SHORT STORY
_z
KERALA
942
_c
BK
999
_c
5812
_d
5812